Conduct of monetary policy : report of the Federal Reserve Board pursuant to the Full Employment and Balanced Growth Act of 1978, P.L. 95-523, and the state of the economy : hearing before the Subcommittee on Domestic and International Monetary Policy of the Committee on Banking and Financial Services, House of Representatives, One Hundred Fourth Congress, second session, July 23, 1996.

Bibliographic Details
Corporate Authors: United States. Congress. House. Committee on Banking and Financial Services. Subcommittee on Domestic and International Monetary Policy, ProQuest (Firm)
Format: Government Document eBook
Language:English
Published: Washington : U.S. G.P.O. : 1996.
Series:U.S. Congressional Hearings.
Subjects:
Online Access:Connect to the full text of this electronic book

MARC

Tag First Indicator Second Indicator Subfields
LEADER 00000cam a22000001a 4500
001 in00003255097
006 m d f
007 cr bn mmmapmmp
008 091024s1996 dcua o f000 0 eng d
005 20260604203652.7
035 |a cis2007465939 
040 |a UMI  |c UMI  |d UtOrBLW 
043 |a n-us--- 
074 |a 1013-A 
074 |a 1013-B (MF) 
086 0 |a Y 4.B 22/1:104-67 
088 |a Serial no. 104-67 (United States. Congress. House. Committee on Banking and Financial Services) 
099 |a HRG-1996-BFS-0014 
110 1 |a United States.  |b Congress.  |b House.  |b Committee on Banking and Financial Services.  |b Subcommittee on Domestic and International Monetary Policy. 
245 1 0 |a Conduct of monetary policy :  |b report of the Federal Reserve Board pursuant to the Full Employment and Balanced Growth Act of 1978, P.L. 95-523, and the state of the economy : hearing before the Subcommittee on Domestic and International Monetary Policy of the Committee on Banking and Financial Services, House of Representatives, One Hundred Fourth Congress, second session, July 23, 1996. 
264 1 |a Washington :  |b U.S. G.P.O. :  |c 1996. 
264 2 |a Washington :  |b For sale by the U.S. G.P.O., Supt. of Docs., Congressional Sales Office, 
300 |a 1 online resource. 
336 |a text  |b txt  |2 rdacontent 
337 |a computer  |b c  |2 rdamedia 
338 |a online resource  |b cr  |2 rdacarrier 
500 |a Record is based on bibliographic data in ProQuest Congressional Hearings Digital Collection. Reuse except for individual research requires license from ProQuest, LLC. 
538 |a System requirements: PDF reader software. 
500 |a Electronic resource. 
650 0 |a Monetary policy  |z United States. 
651 0 |a United States  |x Economic conditions  |y 1981-2001. 
655 7 |a Electronic books.  |2 local 
710 2 |a ProQuest (Firm) 
776 0 8 |i Print version:  |a United States. Congress. House. Committee on Banking and Financial Services. Subcommittee on Domestic and International Monetary Policy.  |t Conduct of monetary policy  |w gp 97054836  |w (OCoLC)36019196 
776 0 8 |i Microfiche version:  |a United States. Congress. House. Committee on Banking and Financial Services. Subcommittee on Domestic and International Monetary Policy.  |t Conduct of monetary policy.  |d [Bethesda, Md.] : ProQuest,[2004]  |o CIS 96 H241-50  |w (ProQuest)cis09600133 
830 0 |a U.S. Congressional Hearings. 
856 4 0 |u http://proxy.library.tamu.edu/login?url=https://congressional.proquest.com/congcomp/getdoc?HEARING-ID=HRG-1996-BFS-0014  |z Connect to the full text of this electronic book  |t 0 
998 |a cis09600133 
999 |a MARS 
999 f f |s 5e412766-cd61-3051-bdf7-f15abdea3e5a  |i d1e8efd0-46e1-35c4-8931-1944b76809e9  |t 0 
952 f f |a Texas A&M University  |b College Station  |c Electronic Resources  |s www_evans  |d Available Online  |t 0  |e HRG-1996-BFS-0014  |h Other scheme 
998 f f |a HRG-1996-BFS-0014  |t 0  |l Available Online